Quantitative problems in biochemistry / (Record no. 16252)

000 -LEADER
fixed length control field 00430cam a2200169 i 4500
020 ## - INTERNATIONAL STANDARD BOOK NUMBER
ISBN 0582444020 :
040 ## - CATALOGING SOURCE
Transcribing agency DLC
082 00 - DEWEY DECIMAL CLASSIFICATION NUMBER
Classification number 574 LON 1980 A023 Or.
100 1# - MAIN ENTRY--AUTHOR NAME
Personal name Dawes, Edwin A.
245 10 - TITLE STATEMENT
Title Quantitative problems in biochemistry /
250 ## - EDITION STATEMENT
Edition statement 6th ed.
260 ## - PUBLICATION, DISTRIBUTION, ETC. (IMPRINT)
Place of publication London ;
-- New York :
Name of publisher Longman,
Year of publication 1980.
300 ## - PHYSICAL DESCRIPTION
Number of Pages ix, 335 p. :
Other physical details ill. ;
Dimensions 24 cm.
650 #0 - SUBJECT ADDED ENTRY--TOPICAL TERM
Topical Term Biochemistry
650 #0 - SUBJECT ADDED ENTRY--TOPICAL TERM
Topical Term Biochemistry
942 ## - ADDED ENTRY ELEMENTS (KOHA)
Koha item type សៀវភៅភាសាអង់គ្លេស
952 ## - LOCATION AND ITEM INFORMATION (KOHA)
Withdrawn status [LOCAL, KOHA] 0
Holdings
Permanent Location Date acquired Koha item type Lost status Shelving location Barcode Current Location Full call number
Library Block A2018-01-26សៀវភៅភាសាអង់គ្លេស A023A23140Library Block A574 LON 1980 A023 Or.
មជ្ឈមណ្ឌលឯការនៃសាកលវិទ្យាល័យភូមិន្ទកសិកម្មចំការដូង

Powered by Koha